Gulfs, Bays, and Straits - Statistics

General Stats
  • This quiz has been taken 46 times
  • The average score is 16 of 25
Answer Stats
Clue Type Answer % Correct
1) Between Florida and Texas Gulf Mexico
95%
8) Separates the UK from mainland France Channel English
84%
12) Inlet that includes Qatar, Bahrain, Kuwaitand UAE Gulf Persian
84%
13) Located off of northern Spain andwestern France Bay Biscay
81%
7) Large saltwater body in northern Canadabordered by 4 provinces Bay Hudson
79%
16) Forms the maritime international boundarybetween Alaska and Russia Strait Bering
77%
4) Vital shipping lane between Malaysiaand Sumatra Strait Malacca
77%
5) Inlet between coastal Mexico andthe Baja peninsula Gulf California
72%
3) Its entrance is marked by thePillars of Herclues Strait Gibraltar
72%
14) The country of Sao Tome lies in this bodyof water off western Africa Gulf Guinea
72%
19) Separates India from the rest of Indochina Bay Bengal
70%
6) Connects the Middle East to theIndian Ocean Strait Hormuz
70%
23) Lies between mainland South America andTierra Del Fuego. Named for a famous explorer Strait Magellan
70%
9) Large estuary bounded by Delaware,Maryland and Virginia Bay Chesapeake
65%
18) Istanbul lies on this continental water boundarybetween Europe and Asia Strait Bosphorus
63%
21) Lies to the north of Estonia Gulf Finland
60%
10) Separates mainland Africa from Madagascar Strait Mozambique
60%
17) Large inlet in Indochina bordering theSouth China Sea, south of Bangkok Gulf Thailand
56%
20) Inlet separating Sweden from Finland and intothe Baltic Sea Gulf Bothnia
53%
15) Separates the North and South Islands ofNew Zealand Strait Cook
53%
2) Has the highest recorded tideson Earth Bay Fundy
47%
22) Separates mainland Australia from New Guinea Gulf Carpentaria
35%
11) Cold inlet that separates Canada fromGreenland Strait Davis
30%
24) Lies between Provincetown and Boston, MA Bay Cape Cod
19%
25) Separates India from Sri Lanka Strait Palk
19%
No matching quizzes found
Score Distribution
Percent of People with Each Score
Percentile by Number Answered
Your Score History
You have not taken this quiz